[Event "Kolkata St Xavier College op"]
[Site "Kolkata"]
[Date "2024.08.25"]
[Round "6"]
[White "Maitreyi, Mondal"]
[Black "Jion, Ghosh"]
[Result "1-0"]
[WhiteElo "1710"]
[BlackElo "1651"]
[PlyCount "101"]
[EventDate "2024.08.24"]
[EventType "swiss (rapid)"]
[EventRounds "11"]
[EventCountry "IND"]
[SourceTitle "CBM 221 Extra"]
[Source "ChessBase"]
[SourceDate "2024.09.30"]
[SourceVersion "1"]
[SourceVersionDate "2024.09.30"]
[SourceQuality "1"]

1. d4 d5 2. Bf4 Nf6 3. e3 c5 4. Nf3 Bg4 5. Nbd2 Nc6 6. h3 Bh5 7. g4 Bg6 8. Bb5 e6 9. Ne5 Qb6 10. c4 Rc8 11. h4 cxd4 12. h5 Be4 13. Nxe4 Nxe4 14. f3 Bb4+ 15. Ke2 Nd6 16. Bxc6+ bxc6 17. a3 Bc5 18. b4 Nxc4 19. Nxc4 dxc4 20. bxc5 Qb2+ 21. Kf1 d3 22. Rh2 Qb5 23. Qd2 Qxc5 24. Qc3 f6 25. e4 Kf7 26. Rc1 Rhd8 27. Qxc4 Qxa3 28. Ra2 Qe7 29. Qc5 Rd7 30. Be3 Rcc7 31. Qxe7+ Kxe7 32. Bc5+ Kf7 33. Rca1 d2 34. Ke2 e5 35. Rxd2 Rxd2+ 36. Kxd2 Rd7+ 37. Kc2 Ke6 38. Rxa7 g6 39. Ra8 gxh5 40. gxh5 Rg7 41. Rh8 Kd7 42. Kd3 Ke6 43. Ke3 Kf7 44. h6 Rg6 45. Rxh7+ Kg8 46. Rc7 Rxh6 47. Rxc6 Kf7 48. Rc7+ Kg6 49. Bf8 Rh1 50. Rg7+ Kh6 51. Rg1+ 1-0

[Event "Kolkata St Xavier College op"]
[Site "Kolkata"]
[Date "2024.08.25"]
[Round "8"]
[White "Ujaan, Bhattacharya"]
[Black "Jion, Ghosh"]
[Result "1/2-1/2"]
[WhiteElo "1748"]
[BlackElo "1651"]
[PlyCount "31"]
[EventDate "2024.08.24"]
[EventType "swiss (rapid)"]
[EventRounds "11"]
[EventCountry "IND"]
[SourceTitle "CBM 221 Extra"]
[Source "ChessBase"]
[SourceDate "2024.09.30"]
[SourceVersion "1"]
[SourceVersionDate "2024.09.30"]
[SourceQuality "1"]

1. d4 d5 2. Nc3 Nf6 3. Bf4 c5 4. e4 Nxe4 5. Nxe4 dxe4 6. dxc5 Qa5+ 7. c3 Qxc5 8. Qa4+ Nc6 9. Qxe4 Bf5 10. Qe3 e5 11. 0-0-0 Qa5 12. Bc4 Bc5 13. Qe1 0-0 14. Be3 Qa4 15. Qe2 Bxe3+ 16. fxe3 1/2-1/2